Engenho e obra (Registo nº 202125)

Detalhes MARC
000 -Etiqueta do registo
Valores 00744nam 22001933 4500
010 ## - Número ISBN
ISBN 972-20-2399-3
021 ## - Número do Depósito Legal
Número 188580/02
100 ## - Dados gerais de processamento
Dados gerais 20260511d u||y0pory50 ba
200 ## - Titulo e menção de responsabilidade
Título próprio Engenho e obra
Informação de outro título Uma abordagem à história da Engenharia em Portugal no século XX
Primeira menção de responsabilidade Coordenação José Maria Brandão de Brito, Manuel Heitor, Maria Fernanda Rollo
210 ## - Publicação
Local de publicação Lisboa
Nome do editor Engenho e Obra, Instituto Superior Técnico, Publicações Dom Quixote
Data de publicação 2002
215 ## - Descrição física 
Paginação / Volumes 317 p.
Outras indicações físicas ilustrado; encadernado
Dimensões 29 cm
606 ## - Nome comum usado como assunto
ID Autoridade 13230
Palavra de ordem Engenharia. Tecnologia em Geral
675 ## - CDU
Notação 62
Edição PT
Língua por
701 ## - Co-autor principal (pessoa individual)
ID Autoridade 7043
Apelido Brito
Nome José Maria Brandão de
Datas 1947
801 ## - Fonte de origem
País PT
Agência BMMN
Regras de catalogação RPC
830 ## - Notas gerais do catalogador
Criado por Fernando
Indexado por Fernando
990 ## - Elementos KOHA
Tipo de documento Livro
Exemplares
Situação do levantamento Biblioteca de origem Código de barras Cota Permissão de empréstimo Tipo de documento Forma de aquisição
  Biblioteca Municipal de Montemor-o-Novo 31549 62 ENG|DEP   Livro Oferta

Powered by Koha